000 00255nam a22001097a 4500
005 20230609113428.0
008 230609b |||||||| |||| 00| 0 eng d
022 _a9770972687004
245 _aORGANIZATIONAL BEHAVIOR
260 _bIUP PUBLISHER
942 _cJRL
999 _c8320
_d8318